000
00276cam a22000857a 4500
008
180718b1971 xxu||||| |||| 00| 0 eng d
082
_a
K12055x54 In2/R/1971
245
_a
Classified list of gazetted establishment of Indian railways
260
_a
Delhi
_b
Manager of Publications
_c
1971
999
_c
499729
_d
499729